| 000 | 00535nam a2200169Ia 4500 | ||
|---|---|---|---|
| 008 | 151018s9999 xx 000 0 und d | ||
| 082 |
_bRBASDV13122 _a891.463 |
||
| 100 | _aवि ज बोरकर | ||
| 245 | _aमाती आणि आदेऊश | ||
| 260 | _bपुणे प्रकाशन | ||
| 300 | _a154 | ||
| 600 | _aवि ज बोरकर | ||
| 630 | _aमाती आणि आदेऊश | ||
| 700 | _aवि ज बोरकर | ||
| 730 | _aमाती आणि आदेऊश | ||
| 942 | _cBOOK | ||
| 999 |
_c1015359 _d1015356 |
||